Southville International School and Colleges
Your cart is empty.
  • Cart
  • Lists
    Public lists list_1 View all
    Your lists Log in to create your own lists
  • Log in to your account
  • Your cookies
  • Search history
Southville International School and Colleges
  • Advanced search
  • Recent comments
  • Most popular
  • Libraries

Log in to your account

Log in with GOOGLE


If you do not have an external account, but do have a local account, you can still log in:

  1. Home
  2. MARC view: The Intel microprocessors :
Normal view MARC view ISBD view

The Intel microprocessors : (Record no. 15335)

[ view plain ]
MARC details
000 -LEADER
fixed length control field 01201cam a22003374a 4500
001 - CONTROL NUMBER
control field 3090880
003 - CONTROL NUMBER IDENTIFIER
control field OSt
005 - DATE AND TIME OF LATEST TRANSACTION
control field 20140310182721.0
008 - FIXED-LENGTH DATA ELEMENTS--GENERAL INFORMATION
fixed length control field 981116s2000 njua i 001 0 eng
010 ## - LIBRARY OF CONGRESS CONTROL NUMBER
LC control number 98051137
020 ## - INTERNATIONAL STANDARD BOOK NUMBER
International Standard Book Number 9814096474
035 ## - SYSTEM CONTROL NUMBER
System control number (DLC) 98051137
040 ## - CATALOGING SOURCE
Original cataloging agency DLC
Transcribing agency DLC
Modifying agency DLC
042 ## - AUTHENTICATION CODE
Authentication code pcc
050 04 - LIBRARY OF CONGRESS CALL NUMBER
Classification number QA 76.8.I2674
Item number .B76 2001
100 1# - MAIN ENTRY--PERSONAL NAME
Personal name Brey, Barry B.
245 14 - TITLE STATEMENT
Title The Intel microprocessors :
Remainder of title 8086/8088, 80186/80188, 80286, 80386, 80486, Pentium, Pentium Pro, and Pentium II processors : architecture, programming, and interfacing /
Statement of responsibility, etc Barry B. Brey.
250 ## - EDITION STATEMENT
Edition statement 5th ed.
260 ## - PUBLICATION, DISTRIBUTION, ETC. (IMPRINT)
Place of publication, distribution, etc Upper Saddle River, N.J. :
Name of publisher, distributor, etc Prentice Hall,
Date of publication, distribution, etc 2001.
300 ## - PHYSICAL DESCRIPTION
Extent ix, 966 p. :
Other physical details ill. ;
Dimensions 26 cm.
500 ## - GENERAL NOTE
General note Includes index.
521 ## - TARGET AUDIENCE NOTE
Target audience note
526 ## - STUDY PROGRAM INFORMATION NOTE
Reading level 0L -1700L
562 ## - COPY AND VERSION IDENTIFICATION NOTE
Number of copies for circulation. 1 copy available in the collection
650 #0 - SUBJECT ADDED ENTRY--TOPICAL TERM
Topical term or geographic name as entry element Intel 80xxx series microprocessors.
650 #0 - SUBJECT ADDED ENTRY--TOPICAL TERM
Topical term or geographic name as entry element Pentium (Microprocessor)
906 ## - LOCAL DATA ELEMENT F, LDF (RLIN)
a 7
b cbc
c orignew
d 1
e ocip
f 19
g y-gencatlg
942 ## - ADDED ENTRY ELEMENTS (KOHA)
Source of classification or shelving scheme Library of Congress Classification
Koha item type Books
Call number prefix Foreign
Holdings
Withdrawn status Lost status Source of classification or shelving scheme Damaged status Home library Current library Shelving location Date acquired Cost, normal purchase price Total Checkouts Full call number Barcode Date last seen Copy number Price effective from Koha item type
    Library of Congress Classification   College Library College Library General Circulation Section 10/16/2002 494.00   QA 76.8.I2674 .B76 2001 C1209 05/15/2018 1 10/10/2013 Books

The Intel microprocessors :

APA

Brey B. B., . (2001). The Intel microprocessors. Upper Saddle River, N.J: Prentice Hall.

Chicago

Brey Barry B, . 2001. The Intel microprocessors. Upper Saddle River, N.J: Prentice Hall.

Harvard

Brey B. B., . (2001). The Intel microprocessors. Upper Saddle River, N.J: Prentice Hall.

MLA

Brey Barry B, . The Intel microprocessors. Upper Saddle River, N.J: Prentice Hall. 2001.

  • Place hold
  • Print
  • Cite
  • Add to your cart (remove)
  • Save record
    BIBTEX Dublin Core MARCXML MARC (non-Unicode/MARC-8) MARC (Unicode/UTF-8) MARC (Unicode/UTF-8, Standard) MODS (XML) RIS
  • More searches
    Search for this title in:
    Other Libraries (WorldCat) Other Databases (Google Scholar) Online Stores (Bookfinder.com) Open Library (openlibrary.org)

Exporting to Dublin Core...

SOUTHVILLE LIBRARY

Southville International School and Colleges Library

1281 Tropical Ave. Cor. Luxembourg St., BF Homes International, Las Pinas City

Tel. No. 8256374 / 252358 Loc. 117/146

Powered by Koha